01358nam a22003017i 4500003000900000005001700009008004100026040004300067041000800110082002800118092000700146099003600153100003700189245025700226264003500483300002900518336002400547337002800571338004300599504003100642546002400673650007000697856005700767905001600824942001900840999001700859952018000876EG-GICUC20260121101434.0251206s1932 fr ||||fr|||| 00| 0 fre d aEG-GiCUCbfrecEG-GiCUCdEG-GiCUCeRda afre04221a341.2104904bGA . O04221 aLaw1 11 341.2104904 GA . O 19321 aGavrīlovīć, StojaneAuteur12aL'organisation des commissions de conciliation d'après les traités suisses :bcontribution à l'étude des effets du fait nouveau de la Société des nations dans le domaine de la politique et du droit international / cPar Stojan Gavrilović. 1aParis :bRecueil Sirey,c1932. axx, 222 pages ;c 24 cm. 2rda contenua texte 2rda mediasaOrdinateur 2 transporteur rdaa Ressource en ligne aBibliography: page vii-xv. aTexte en français14aOrganisations internationalesxDroit international publiczSuisse40uhttps://fll.law.cu.edu.eg/fulltext/bks/B11-05041.pdf a75eHassnaa 2ddccBKe21n0 c48661d48661 00102ddc40718القانون الدولي العامaCUbLAW1d2025-12-06l0oLaw1 11 341.2104904 GA . O 1932 1105041 C1pB11-05041r2025-12-06 15:42:52t1w2025-12-06yBK